| 000 | 00547cam a22001932 4500 | ||
|---|---|---|---|
| 001 | 0000020180 | ||
| 005 | 20151021151138.0 | ||
| 008 | 110824s xx 000 0 eng d | ||
| 040 |
_aKABU _cKABU |
||
| 050 | 0 |
_aKSK1744.5 _b.A3K46 |
|
| 110 | 2 |
_aKenya, Government of. _@0000151925 |
|
| 245 | 1 | 0 | _aConstitution of Kenya. |
| 260 |
_aNairobi : _bGovt. Printer, _c2010. |
||
| 300 | _a194 p. | ||
| 650 | 0 |
_aConstitutions _zKenya. _@0000153436 |
|
| 908 | _a110824 | ||
| 950 | _@1 | ||
| 999 |
_c1185 _d1185 |
||